Brooklyn 99 Trivia - Statistics

General Stats
  • This quiz has been taken 7,533 times
  • The average score is 13 of 15
Answer Stats
Question Answer % Correct
What is Terry Jefford's favorite food? Yogurt
98%
What's the Pontiac Bandit's name? Doug Judy
97%
What's Gina's last name? Linetti
96%
What happened at Jake and Amy's wedding in Season Five? There was a bomb threat
95%
In Season 1, who wins the felony arrest bet? Jake
94%
Where did Terry once live when pursuing a college education? Japan
93%
who has NOT won a Halloween Heist? Charles
89%
What do Jake and Amy name their son? Mac
89%
True or False: Rosa marries Adrian Pimento. False
87%
In Season 7 we find out that Rosa has a dog. What's his name? Arlo
86%
What were Jake and Holt's names while living in Florida? Larry and Greg
86%
How many kids does Terry have? 3
85%
Who's Kelly? Skully's wife and dog
84%
What does Rosa's landlord think her name is? Emily Goldfinch
77%
How many times has Hitchcock been married? 6
37%
No matching quizzes found
Score Distribution
Percent of People with Each Score
Percentile by Number Answered
Your Score History
You have not taken this quiz